000 01835cam a2200313 i 4500
001 18822655
003 OSt
005 20240530110620.0
008 151019s2015 ua a b 000 0 eng d
020 _a9789774166877 (pbk.)
020 _a9774166876 (pbk.)
040 _cEG-CaGPL
082 0 4 _221
_a393.0932
_bCC/I D
100 1 _aIkram, Salima.
245 1 0 _aDeath and burial in ancient Egypt /
_cSalima Ikram.
264 1 _aCairo, Egypt :
_bThe American University in Cairo Press, 2015.
300 _ax, 241 pages :
_billustrations ;
_c23 cm.
336 _atext
_btxt
_2rdacontent
337 _aunmediated
_bn
_2rdamedia
338 _avolume
_bnc
_2rdacarrier
504 _aIncludes bibliographical references and index.
520 _aDeath, burial, and the afterlife were as important to the ancient Egyptians as how they lived. This well-illustrated book explores all aspects of death in ancient Egypt, including beliefs of the afterlife, mummification, the protection of the body, tombs and their construction and decoration, funerary goods, and the funeral itself. It also addresses the relationship between the living and the dead, and the magico-religious interaction of these two in ancient Egyptian culture.Salima Ikram's own experience with experimental mummification and funerary archaeology lends the book many completely original and provocative insights. In addition, a full survey of current development in the field makes this a unique book that combines all aspects of death and burial in ancient Egypt into one volume.
650 0 _aFuneral rites and ceremonies, Ancient
_zEgypt.
650 0 _aMummies
_zEgypt.
650 7 _aFuneral rites and ceremonies, Ancient.
_2fast
_0(OCoLC)fst00936237
650 7 _aMummies.
_2fast
_0(OCoLC)fst01029115
651 7 _aEgypt.
_2fast
_0(OCoLC)fst01208755
942 _2ddc
_cBK
999 _c63030
_d63030